00887nam a2200205 a 450000100100000000500170001000800410002702000150006804000250008308200130010810000440012124500840016526000750024930000210032449000420034583000490038795201110043695201170054799900170066400004115420201002034649.0130920s1989 sp 000 0 spa d a8485861094 aDO-SdBNPbspacBNPHU axxxbxxx1 aHernández Sanchez-Barba, Mario96770013aLa Corona y el descubrimiento de América. /cMario Hernández Sanchez-Barba. aValencia, España :bAsociación Francisco López de Gomara,c1989. a220 p. ;c24 cm.1 aLa corona y los pueblos americanosv2 0aLa corona y los pueblos americanosv2967699 001050718MOaGRbGRcCTd2013-09-20iLF1l0oxxx xxxp41154-10r2020-06-25w2020-06-25y1ZNo se presta 001050718MOaGRbGRcCTd2013-09-20iLF1l0oxxx xxxp41154-20r2020-06-25te. 2w2020-06-25y1ZNo se presta c40644d40644